Minecraft Pictures - Statistics

General Stats
  • This quiz has been taken 75 times
  • The average score is 6 of 8
Answer Stats
Picture Answer % Correct
Bedrock
98%
Creeper (Preppie)
92%
Soul Soil
92%
Ghast
89%
Wheat Seeds
79%
Fox
76%
Crying Obsidian
65%
Magma Block
39%
No matching quizzes found
Score Distribution
Percent of People with Each Score
Percentile by Number Answered
Your Score History
You have not taken this quiz